[Event "Spring Swiss"]
[Site "Winnipeg CAN"]
[Date "2002.03.24"]
[Round "5.8"]
[White "Pottinger, Carl"]
[Black "Sapina, Hrvoje"]
[Result "1/2-1/2"]
[WhiteElo "1513"]
[BlackElo "1699"]
[PlyCount "59"]
[EventDate "2002.03.22"]
[EventType "swiss"]
[EventRounds "5"]
[EventCountry "CAN"]

1. e4 e5 2. Nf3 Nc6 3. d4 d5 4. exd5 Qxd5 5. Nc3 Bb4 6. Bd2 Bxc3 7. Bxc3 e4 8.
Ne5 Nxe5 9. dxe5 Be6 10. Qxd5 Bxd5 11. b3 O-O-O 12. O-O-O Ne7 13. Be2 Ng6 14.
Bg4+ Kb8 15. e6 f6 16. g3 h5 17. Bf5 Ne7 18. Bh3 c5 19. Bg2 Rhg8 20. Rhe1 f5
21. Bh1 Kc8 22. Re3 Rd6 23. Bxg7 Rxg7 24. c4 Kc7 25. cxd5 Nxd5 26. Ree1 Nb4 27.
Rxd6 Kxd6 28. Kb1 Re7 29. f3 Nd3 30. Re2 1/2-1/2

[Event "Spring Swiss"]
[Site "Winnipeg CAN"]
[Date "2002.03.24"]
[Round "5.9"]
[White "Trueman, Francis"]
[Black "Gibbons, Lorne"]
[Result "1-0"]
[WhiteElo "1457"]
[BlackElo "1265"]
[PlyCount "32"]
[EventDate "2002.03.22"]
[EventType "swiss"]
[EventRounds "5"]
[EventCountry "CAN"]

1. Nf3 Nc6 2. g3 e5 3. e4 Bc5 4. Bg2 d6 5. O-O Nge7 6. c3 Bg4 7. d3 O-O 8. Nbd2
Qd7 9. a4 a5 10. Re1 h6 11. Nf1 Bh3 12. Be3 Bxe3 13. Rxe3 Bxg2 14. Kxg2 f5 15.
Re2 f4 16. b4 Na7 1-0

[Event "St Jean CC-ch"]
[Site "St-Jean-sur-Richelieu CAN"]
[Date "2002.02.20"]
[Round "1"]
[White "Barre, Michel"]
[Black "Maxant, Joseph"]
[Result "0-1"]
[WhiteElo "1969"]
[BlackElo "1661"]
[PlyCount "130"]
[EventDate "2002.02.20"]
[EventType "swiss"]
[EventRounds "6"]
[EventCountry "CAN"]

1. d4 e6 2. c4 f5 3. g3 c6 4. Bg2 d5 5. cxd5 exd5 6. Nf3 Nf6 7. O-O Bd6 8. Bg5
h6 9. Bxf6 Qxf6 10. e3 Be6 11. Qb3 b6 12. Nbd2 O-O 13. Rac1 c5 14. Ne5 Bxe5 15.
Bxd5 Bf7 16. dxe5 Qxe5 17. Bxf7+ Rxf7 18. Nc4 Qe6 19. Rfd1 Rd7 20. Qa4 Nc6 21.
Nxb6 Rxd1+ 22. Rxd1 Rb8 23. Qc4 Qxc4 24. Nxc4 Rd8 25. Rxd8+ Nxd8 26. Kg2 Kf7
27. Kf3 Nc6 28. e4 Ke6 29. exf5+ Kd5 30. Ne3+ Kd4 31. Ke2 Nb4 32. a3 Nd3 33.
Nd1 c4 34. f3 Nc1+ 35. Kd2 Nb3+ 36. Kc2 Na1+ 37. Kd2 Nb3+ 38. Ke1 Kd3 39. g4
Nd4 40. Kf2 Nc2 41. h4 Kd2 42. Nc3 Nd4 43. Ne4+ Kc2 44. Nd6 Kxb2 45. Nxc4+ Kb3
46. Nd6 Kxa3 47. Ke3 Nc6 48. Nb5+ Kb4 49. Nd4 Ne7 50. g5 a5 51. f6 gxf6 52.
gxf6 Nd5+ 53. Kd2 Nxf6 54. Nf5 h5 55. Kc2 Kc4 56. Ne3+ Kd4 57. Kd2 a4 58. Nc2+
Kc4 59. Ne3+ Kd4 60. Nc2+ Ke5 61. Ke2 Kf4 62. Kf2 Nd5 63. Ne1 Nb4 64. Ng2+ Ke5
65. Ne3 Kd4 0-1

[Event "St Jean CC-ch"]
[Site "St-Jean-sur-Richelieu CAN"]
[Date "2002.02.20"]
[Round "1"]
[White "Boucher, Bruno"]
[Black "McAlpin, John-Francis"]
[Result "0-1"]
[WhiteElo "1554"]
[BlackElo "1885"]
[PlyCount "62"]
[EventDate "2002.02.20"]
[EventType "swiss"]
[EventRounds "6"]
[EventCountry "CAN"]

1. Nf3 Nf6 2. b3 d5 3. Bb2 e6 4. g3 Be7 5. Bg2 O-O 6. O-O c5 7. d3 Nbd7 8. Nbd2
b6 9. d4 Bb7 10. c4 Re8 11. Ne5 Qc7 12. Ndf3 dxc4 13. Nxc4 Rad8 14. Qc2 Be4 15.
Qc1 Qb7 16. Ncd2 Bd6 17. Nh4 Bxg2 18. Nxg2 cxd4 19. Bxd4 e5 20. Bb2 Rc8 21. Qb1
Rc7 22. Rc1 Rec8 23. Rxc7 Qxc7 24. Qc1 Bc5 25. e3 e4 26. Nf4 Ne5 27. Bxe5 Qxe5
28. Rb1 g5 29. b4 gxf4 30. exf4 Bxf2+ 31. Kxf2 Qd4+ 0-1

[Event "St Jean CC-ch"]
[Site "St-Jean-sur-Richelieu CAN"]
[Date "2002.02.20"]
[Round "1"]
[White "Kowalyszyn, Miguel"]
[Black "Dubois, Real"]
[Result "1-0"]
[WhiteElo "1598"]
[BlackElo "1176"]
[PlyCount "53"]
[EventDate "2002.02.20"]
[EventType "swiss"]
[EventRounds "6"]
[EventCountry "CAN"]

1. d4 d5 2. c4 Nf6 3. Nc3 e6 4. Nf3 c6 5. cxd5 exd5 6. Bg5 Be7 7. e3 h6 8. Bh4
O-O 9. Bd3 Bg4 10. h3 Be6 11. O-O Re8 12. Ne5 Nbd7 13. f4 Nxe5 14. fxe5 Nd7 15.
Bxe7 Qxe7 16. e4 dxe4 17. Nxe4 Rf8 18. Qh5 Qb4 19. Kh1 Qxd4 20. Qe2 Nxe5 21.
Rad1 Nxd3 22. Rxd3 Qb4 23. Rg3 Bc4 24. Qh5 Bxf1 25. Qxh6 Bxg2+ 26. Rxg2 Qxe4
27. Qxg7# 1-0

[Event "St Jean CC-ch"]
[Site "St-Jean-sur-Richelieu CAN"]
[Date "2002.02.20"]
[Round "1"]
[White "Robichaud, Jocelyn"]
[Black "Morin, Gaetan"]
[Result "0-1"]
[WhiteElo "1473"]
[BlackElo "1693"]
[PlyCount "64"]
[EventDate "2002.02.20"]
[EventType "swiss"]
[EventRounds "6"]
[EventCountry "CAN"]

1. e4 c5 2. Nf3 d6 3. c3 g6 4. Bd3 Bg7 5. h3 Nf6 6. Bc2 O-O 7. d3 Nc6 8. Nbd2
e6 9. Nf1 Nd7 10. Bg5 Qc7 11. Ne3 Re8 12. Ng4 d5 13. Nh6+ Kf8 14. Nd2 f6 15.
Qf3 d4 16. c4 Ke7 17. Nb3 Nce5 18. Qg3 fxg5 19. Qxg5+ Bf6 20. Qg3 Qb6 21. O-O
Rf8 22. f4 Nf7 23. Ng4 e5 24. Nxf6 Qxf6 25. fxe5 Qxe5 26. Qh4+ Ng5 27. Qh6 Nf6
28. Qg7+ Rf7 29. Qh8 Nxh3+ 30. Kh1 Ng5 31. Rae1 b6 32. Nd2 Bb7 0-1

[Event "St Jean CC-ch"]
[Site "St-Jean-sur-Richelieu CAN"]
[Date "2002.02.20"]
[Round "1"]
[White "Royer, Christian"]
[Black "Audet, Michel"]
[Result "1-0"]
[WhiteElo "1205"]
[BlackElo "1738"]
[PlyCount "49"]
[EventDate "2002.02.20"]
[EventType "swiss"]
[EventRounds "6"]
[EventCountry "CAN"]

1. d4 c5 2. c3 e6 3. Nf3 b6 4. e3 Bb7 5. Nbd2 f5 6. Bd3 Nf6 7. O-O Be7 8. h3
O-O 9. Re1 Na6 10. e4 fxe4 11. Nxe4 Nxe4 12. Bxe4 d5 13. Bc2 Nc7 14. Ne5 Qe8
15. Qg4 Bf6 16. Bf4 cxd4 17. Ng6 Rf7 18. Bxc7 Rxc7 19. Rxe6 Qf7 20. Ne5 Bxe5
21. Rxe5 dxc3 22. b3 Re8 23. f4 d4 24. Rae1 Rd8 25. Qh4 1-0

[Event "St Jean CC-ch"]
[Site "St-Jean-sur-Richelieu CAN"]
[Date "2002.02.27"]
[Round "2"]
[White "Audet, Michel"]
[Black "Robichaud, Jocelyn"]
[Result "1-0"]
[WhiteElo "1738"]
[BlackElo "1473"]
[PlyCount "45"]
[EventDate "2002.02.20"]
[EventType "swiss"]
[EventRounds "6"]
[EventCountry "CAN"]

1. c4 c6 2. e3 Nf6 3. f4 g6 4. Nf3 Bg7 5. d4 d6 6. Bd3 O-O 7. Bd2 Nbd7 8. Bc3
a6 9. O-O b5 10. Nbd2 Nb6 11. Ba5 c5 12. Nb3 Nfd7 13. cxb5 Qe8 14. Qe2 e5 15.
dxe5 dxe5 16. Be4 Ra7 17. Bc6 exf4 18. Bxb6 Qxe3+ 19. Qxe3 fxe3 20. Bxa7 Bxb2
21. Rae1 Re8 22. Re2 c4 23. Rxb2 1-0

[Event "St Jean CC-ch"]
[Site "St-Jean-sur-Richelieu CAN"]
[Date "2002.02.27"]
[Round "2"]
[White "Bellerose, Robert"]
[Black "Barre, Michel"]
[Result "0-1"]
[WhiteElo "1731"]
[BlackElo "1969"]
[PlyCount "108"]
[EventDate "2002.02.20"]
[EventType "swiss"]
[EventRounds "6"]
[EventCountry "CAN"]

1. e4 c5 2. Nf3 Nc6 3. d4 cxd4 4. Nxd4 e5 5. Nf3 Nf6 6. Bd3 d5 7. exd5 Qxd5 8.
O-O Bg4 9. Be2 O-O-O 10. Nc3 Qa5 11. Bd2 Bb4 12. Qe1 Nd5 13. Nxd5 Rxd5 14. c3
Be7 15. c4 Rxd2 16. Nxd2 Be6 17. Nb3 Qa4 18. Nd2 f5 19. b3 Qa3 20. Qc1 Qa5 21.
a3 Nd4 22. Bd1 e4 23. b4 Qe5 24. f4 Qc7 25. c5 Bf6 26. Rb1 e3 27. Nc4 e2 28.
Nd6+ Kb8 29. Re1 exd1=Q 30. Qxd1 Bd7 31. Rc1 Nb5 32. Qd3 Nxd6 33. cxd6 Qb6+ 34.
Kh1 Rd8 35. Rcd1 Ba4 36. Rd2 Bb5 37. Qh3 Rxd6 38. Rxd6 Qxd6 39. Qxf5 Bc6 40.
Qg4 Qd2 41. Qe2 Qxf4 42. Rf1 Qg5 43. Rd1 a6 44. Qd2 Qxd2 45. Rxd2 Kc7 46. Kg1
Kb6 47. Rc2 Kb5 48. Rc5+ Ka4 49. Ra5+ Kb3 50. Rh5 h6 51. Rh3+ Ka4 52. Rg3 Bd5
53. Rd3 Bb3 54. Rd7 b5 0-1

[Event "St Jean CC-ch"]
[Site "St-Jean-sur-Richelieu CAN"]
[Date "2002.02.27"]
[Round "2"]
[White "Boucher, Bruno"]
[Black "Royer, Christian"]
[Result "1-0"]
[WhiteElo "1554"]
[BlackElo "1205"]
[PlyCount "75"]
[EventDate "2002.02.20"]
[EventType "swiss"]
[EventRounds "6"]
[EventCountry "CAN"]

1. Nf3 d6 2. e4 Nf6 3. Nc3 Bg4 4. Be2 Bxf3 5. Bxf3 c6 6. d4 e6 7. O-O g6 8. Re1
Bg7 9. Ne2 O-O 10. c3 e5 11. dxe5 dxe5 12. Bg5 Nbd7 13. Qd2 Re8 14. Rad1 Qb6
15. b3 Rad8 16. c4 Nc5 17. Qc2 Ne6 18. Be3 Nd4 19. Nxd4 exd4 20. c5 Qb4 21. Bd2
Qa3 22. Bc1 Qa5 23. Bd2 Qc7 24. g3 Qe7 25. Bf4 Nd7 26. b4 Ne5 27. Bg2 Qe6 28.
Bxe5 Qxe5 29. f4 Qc7 30. e5 Qe7 31. Rd3 f6 32. Qc4+ Qe6 33. Qxe6+ Rxe6 34. Bh3
Re7 35. e6 f5 36. Bf1 Rde8 37. Ra3 Rxe6 38. Bc4 1-0

[Event "St Jean CC-ch"]
[Site "St-Jean-sur-Richelieu CAN"]
[Date "2002.02.27"]
[Round "2"]
[White "Dubois, Real"]
[Black "Vigeant, Gilbert"]
[Result "0-1"]
[WhiteElo "1176"]
[BlackElo "1171"]
[PlyCount "70"]
[EventDate "2002.02.20"]
[EventType "swiss"]
[EventRounds "6"]
[EventCountry "CAN"]

1. e4 e5 2. d4 f6 3. d5 Ne7 4. Nf3 d6 5. Bb5+ c6 6. Bd3 cxd5 7. exd5 Nxd5 8.
Bb5+ Nc6 9. Qxd5 Bd7 10. Bxc6 bxc6 11. Qd2 d5 12. O-O Bc5 13. c3 O-O 14. b4 e4
15. Nd4 Bxd4 16. Qxd4 f5 17. Bb2 f4 18. c4 Rf7 19. cxd5 f3 20. g3 Bh3 21. dxc6
Qxd4 22. Bxd4 Bxf1 23. Kxf1 Rd8 24. Nc3 Rxd4 25. a3 a6 26. Ke1 Rd3 27. Nxe4 Re7
28. Rc1 Rxe4+ 29. Kf1 Red4 30. Ke1 Re4+ 31. Kf1 Re8 32. c7 Rc8 33. h4 Rxa3 34.
Ke1 Kf7 35. Kd2 Ke8 0-1

[Event "St Jean CC-ch"]
[Site "St-Jean-sur-Richelieu CAN"]
[Date "2002.02.27"]
[Round "2"]
[White "Maxant, Joseph"]
[Black "Kowalyszyn, Miguel"]
[Result "0-1"]
[WhiteElo "1733"]
[BlackElo "1598"]
[PlyCount "94"]
[EventDate "2002.02.20"]
[EventType "swiss"]
[EventRounds "6"]
[EventCountry "CAN"]

1. e4 c5 2. c3 d5 3. exd5 Qxd5 4. d4 e6 5. Nf3 Nf6 6. Be3 Nc6 7. Nbd2 Ng4 8.
Bc4 Nxe3 9. fxe3 Qh5 10. O-O Bd6 11. Ne4 Bc7 12. dxc5 O-O 13. b4 Rd8 14. Qe2
Bd7 15. Rad1 Be8 16. Nd6 Bxd6 17. Rxd6 Ne5 18. Rfd1 Rxd6 19. Rxd6 Nxc4 20. Qxc4
Bc6 21. Qd3 h6 22. Nd4 Qh4 23. Qe2 Be4 24. g3 Qf6 25. Qf2 Qe7 26. Qf4 Bd5 27.
Nb3 Rd8 28. c4 Bc6 29. b5 Be8 30. Na5 e5 31. Qe4 Rxd6 32. cxd6 Qxd6 33. Nxb7
Qd1+ 34. Kf2 Bd7 35. Qf3 Qc2+ 36. Qe2 Qf5+ 37. Ke1 Qg6 38. Kf2 Qb6 39. Qf3 Bc8
40. Qe4 Bxb7 41. Qxe5 Qd8 42. Qd4 Qg5 43. a4 Qf5+ 44. Ke1 Qc2 45. Qd2 Qxc4 46.
Qd8+ Kh7 47. Qd4 Qc2 0-1

[Event "St Jean CC-ch"]
[Site "St-Jean-sur-Richelieu CAN"]
[Date "2002.02.27"]
[Round "2"]
[White "McAlpin, John-Francis"]
[Black "Morin, Gaetan"]
[Result "1-0"]
[WhiteElo "1885"]
[BlackElo "1693"]
[PlyCount "91"]
[EventDate "2002.02.20"]
[EventType "swiss"]
[EventRounds "6"]
[EventCountry "CAN"]

1. d4 Nf6 2. c4 g6 3. Nc3 e6 4. e4 c5 5. d5 exd5 6. cxd5 d6 7. Bd3 Bg7 8. Nf3
a6 9. a4 O-O 10. O-O Re8 11. Bf4 Qc7 12. h3 Nbd7 13. Bh2 b6 14. Nd2 Bb7 15. f4
Rad8 16. Qe2 Nxd5 17. Nxd5 Bxd5 18. Bxa6 Bxb2 19. Rab1 Bd4+ 20. Kh1 Bxe4 21.
Nxe4 d5 22. f5 Qa7 23. fxg6 Rxe4 24. Qf3 Nf6 25. gxh7+ Kh8 26. Bd3 Re3 27. Qf5
Qe7 28. Bf4 Ne4 29. Bxe4 Qxe4 30. Bxe3 Qxe3 31. Qxf7 c4 32. Rbe1 Qh6 33. Re8+
Rxe8 34. Qxe8+ Kxh7 35. Qf7+ Bg7 36. Qxd5 c3 37. Ra1 Kh8 38. Qf5 Qc6 39. Qh5+
Bh6 40. Re1 Kh7 41. Re7+ Kh8 42. Qe5+ Kg8 43. Re6 Qc5 44. Qxc5 bxc5 45. Re1 c2
46. a5 1-0

[Event "St Jean CC-ch"]
[Site "St-Jean-sur-Richelieu CAN"]
[Date "2002.02.27"]
[Round "2"]
[White "Mongeau, Diane"]
[Black "Boileau, Samuel"]
[Result "1-0"]
[WhiteElo "1892"]
[BlackElo "1740"]
[PlyCount "85"]
[EventDate "2002.02.20"]
[EventType "swiss"]
[EventRounds "6"]
[EventCountry "CAN"]

1. d4 Nf6 2. Nf3 e6 3. Bg5 d5 4. Nbd2 c5 5. e3 Nc6 6. c3 Be7 7. Bd3 O-O 8. O-O
Bd7 9. Qe2 c4 10. Bc2 b5 11. Ne5 Rb8 12. e4 dxe4 13. Bxf6 gxf6 14. Qxe4 f5 15.
Nxc6 fxe4 16. Nxd8 Rfxd8 17. Bxe4 Rb6 18. Rfe1 Bf6 19. Re3 Bc6 20. f4 Kh8 21.
Rh3 Bxe4 22. Nxe4 Be7 23. Rf1 b4 24. f5 Rg8 25. f6 Bf8 26. Rhf3 bxc3 27. bxc3
Rb2 28. R3f2 Rxf2 29. Kxf2 Bh6 30. Rb1 Rg4 31. Kf3 Rg8 32. Rb7 Rf8 33. Rxa7 Kg8
34. a4 Rd8 35. a5 Kf8 36. a6 Kg8 37. Rb7 Ra8 38. a7 Bf8 39. Nd2 Bd6 40. Nxc4
Bxh2 41. g3 Bxg3 42. Kxg3 Rxa7 43. Rb8# 1-0

[Event "St Jean CC-ch"]
[Site "St-Jean-sur-Richelieu CAN"]
[Date "2002.03.06"]
[Round "3"]
[White "Barre, Michel"]
[Black "Boucher, Bruno"]
[Result "1-0"]
[WhiteElo "1969"]
[BlackElo "1554"]
[PlyCount "77"]
[EventDate "2002.02.20"]
[EventType "swiss"]
[EventRounds "6"]
[EventCountry "CAN"]

1. d4 Nf6 2. c4 e6 3. Nf3 d5 4. Bg5 Be7 5. Nc3 O-O 6. e3 Nbd7 7. Qc2 h6 8. Bxf6
Nxf6 9. Bd3 c5 10. O-O dxc4 11. Bxc4 b6 12. Rfd1 Qe8 13. d5 exd5 14. Nxd5 Nxd5
15. Bxd5 Rb8 16. Ne5 Bb7 17. Bb3 Bf6 18. Nd7 Qe7 19. Nxf8 Rxf8 20. Bd5 Bc8 21.
Rd2 Qe5 22. Qe4 Qc7 23. Rad1 Be5 24. f4 Bf6 25. h3 a5 26. Bc6 g6 27. g4 Kg7 28.
Qa4 g5 29. Bg2 gxf4 30. exf4 Bd4+ 31. Rxd4 cxd4 32. Qxd4+ f6 33. Rd3 Re8 34.
Rc3 Qb8 35. Bd5 Qd6 36. Rc6 Re1+ 37. Kf2 Qe7 38. Rxc8 Qe2+ 39. Kg3 1-0

[Event "St Jean CC-ch"]
[Site "St-Jean-sur-Richelieu CAN"]
[Date "2002.03.06"]
[Round "3"]
[White "Boileau, Samuel"]
[Black "Audet, Michel"]
[Result "1-0"]
[WhiteElo "1740"]
[BlackElo "1738"]
[PlyCount "71"]
[EventDate "2002.02.20"]
[EventType "swiss"]
[EventRounds "6"]
[EventCountry "CAN"]

1. d4 c5 2. d5 d6 3. c4 e6 4. Nc3 Be7 5. e4 a6 6. Bd3 Bd7 7. f4 Qa5 8. Bd2 Qc7
9. Nf3 Bf6 10. O-O b5 11. Qc2 Ra7 12. Rfe1 b4 13. Ne2 e5 14. a3 a5 15. axb4
cxb4 16. Be3 b3 17. Qxb3 Rb7 18. Qa3 a4 19. Nc3 Rb3 20. Qa2 Na6 21. Nd2 Nb4 22.
Qb1 Nxd3 23. Qxd3 Rxb2 24. Nxa4 exf4 25. Bxf4 Rxd2 26. Bxd2 Bxa1 27. Rxa1 f6
28. Be3 Qa5 29. Qa3 Bxa4 30. Qxa4+ Qxa4 31. Rxa4 h5 32. Bf4 g5 33. Bxd6 Rh7 34.
Ra8+ Kf7 35. Ra7+ Kg6 36. Rxh7 1-0

[Event "St Jean CC-ch"]
[Site "St-Jean-sur-Richelieu CAN"]
[Date "2002.03.06"]
[Round "3"]
[White "Dubois, Real"]
[Black "Robichaud, Jocelyn"]
[Result "0-1"]
[WhiteElo "1176"]
[BlackElo "1473"]
[PlyCount "134"]
[EventDate "2002.02.20"]
[EventType "swiss"]
[EventRounds "6"]
[EventCountry "CAN"]

1. c4 c6 2. d4 d5 3. cxd5 cxd5 4. Nf3 Nf6 5. e3 Nc6 6. Be2 e6 7. O-O Bd6 8. a3
h6 9. b4 O-O 10. Bb2 b6 11. Nbd2 Bb7 12. Bd3 Rc8 13. Rc1 Nb8 14. Rxc8 Qxc8 15.
Qb1 Nbd7 16. Rc1 Qb8 17. Rc3 Rc8 18. Rxc8+ Qxc8 19. h3 Qc7 20. Qa1 a6 21. Ne5
Bxe5 22. dxe5 Ne4 23. Nf3 b5 24. Bd4 Nb6 25. Bxb6 Qxb6 26. Qe1 Qc7 27. Qa1 Kf8
28. Bxe4 dxe4 29. Nh2 Qc4 30. Nf1 Bd5 31. Qd4 Qc7 32. Qb2 g5 33. g3 Kg7 34. Nd2
Kg6 35. Kg2 h5 36. Nb1 Kf5 37. Qd4 Qxe5 38. Qxe5+ Kxe5 39. Nc3 f5 40. Ne2 Bb7
41. Nc3 Kd6 42. a4 Bc6 43. axb5 Bxb5 44. g4 h4 45. gxf5 exf5 46. f3 exf3+ 47.
Kxf3 Bc6+ 48. Kf2 Ke5 49. Kg1 Bd7 50. Kh2 g4 51. hxg4 fxg4 52. Ne2 Ke4 53. Nc3+
Kxe3 54. Nd5+ Kd4 55. Nf4 Kc4 56. Ng6 g3+ 57. Kg1 Kxb4 58. Nxh4 Bc6 59. Nf5 g2
60. Nd4 Be4 61. Ne6 a5 62. Nd4 a4 63. Ne2 a3 64. Nc1 Kc3 65. Na2+ Kb3 66. Nc1+
Kb2 67. Ne2 a2 0-1

[Event "St Jean CC-ch"]
[Site "St-Jean-sur-Richelieu CAN"]
[Date "2002.03.06"]
[Round "3"]
[White "McAlpin, John-Francis"]
[Black "Mongeau, Diane"]
[Result "1-0"]
[WhiteElo "1885"]
[BlackElo "1892"]
[PlyCount "72"]
[EventDate "2002.02.20"]
[EventType "swiss"]
[EventRounds "6"]
[EventCountry "CAN"]

1. d4 d5 2. c4 e6 3. Nc3 c6 4. cxd5 exd5 5. Nf3 Bf5 6. Bf4 Nf6 7. e3 Qb6 8. Qc1
Nbd7 9. a3 a5 10. Be2 Be7 11. O-O O-O 12. Na4 Qd8 13. Nc5 Nxc5 14. dxc5 a4 15.
Nd4 Bg6 16. b4 axb3 17. Nxb3 Nd7 18. a4 Re8 19. a5 Bf6 20. Ra2 Ne5 21. Rd1 Qc8
22. Nd4 Bd8 23. Qc3 Bc7 24. Rda1 Nd7 25. Bxc7 Qxc7 26. a6 Nf6 27. Qb4 bxa6 28.
Rxa6 Rab8 29. Rxc6 Qe5 30. Qa3 Ne4 31. Rb6 Rbc8 32. c6 f5 33. Nf3 Qf6 34. Rc1
f4 35. exf4 Qxf4 36. Ba6 Rc7 1-0

[Event "St Jean CC-ch"]
[Site "St-Jean-sur-Richelieu CAN"]
[Date "2002.03.06"]
[Round "3"]
[White "Morin, Gaetan"]
[Black "Maxant, Joseph"]
[Result "1-0"]
[WhiteElo "1693"]
[BlackElo "1733"]
[PlyCount "63"]
[EventDate "2002.02.20"]
[EventType "swiss"]
[EventRounds "6"]
[EventCountry "CAN"]

1. e4 e6 2. d4 d5 3. exd5 exd5 4. Bd3 Nc6 5. c3 Bd6 6. Nf3 Nge7 7. O-O Bf5 8.
Re1 Qd7 9. Bg5 h6 10. Bxe7 Nxe7 11. Ne5 Bxe5 12. Bxf5 Bxh2+ 13. Kxh2 Qxf5 14.
Qe2 Qf6 15. Na3 c6 16. c4 Kd7 17. cxd5 Qh4+ 18. Kg1 Nxd5 19. Nc4 Rae8 20. Ne5+
Kc8 21. Qc4 Re7 22. b4 Rhe8 23. Nf3 Rxe1+ 24. Rxe1 Rxe1+ 25. Nxe1 Qe7 26. Nd3
Qe6 27. Qc5 Nb6 28. Qf8+ Kc7 29. Nc5 Qe1+ 30. Kh2 Qe2 31. Qxf7+ Kc8 32. Ne6 1-0

[Event "St Jean CC-ch"]
[Site "St-Jean-sur-Richelieu CAN"]
[Date "2002.03.06"]
[Round "3"]
[White "Royer, Christian"]
[Black "Bellerose, Robert"]
[Result "0-1"]
[WhiteElo "1205"]
[BlackElo "1731"]
[PlyCount "86"]
[EventDate "2002.02.20"]
[EventType "swiss"]
[EventRounds "6"]
[EventCountry "CAN"]

1. d4 d5 2. Nf3 Nf6 3. h3 e6 4. e3 c5 5. c3 Bd7 6. Bd3 c4 7. Bc2 Nc6 8. O-O Bd6
9. Nbd2 O-O 10. e4 Ne8 11. exd5 exd5 12. Re1 Qc7 13. Nf1 h6 14. Ne3 Nf6 15. Nf5
Bf4 16. Bxf4 Qxf4 17. Ng3 Rfe8 18. Qb1 Rxe1+ 19. Nxe1 Re8 20. Bf5 Rxe1+ 21.
Qxe1 Bxf5 22. Qe3 Qxe3 23. fxe3 Bd3 24. b3 b5 25. bxc4 bxc4 26. a3 Na5 27. Ra2
Nb3 28. Rf2 Ne4 29. Nxe4 Bxe4 30. g4 f6 31. Kh2 Kf7 32. Kg3 Ke6 33. Kh4 Kd6 34.
a4 Kc6 35. Ra2 Kb6 36. Kg3 Ka5 37. Kf2 Bd3 38. Ke1 Nc1 39. Ra3 Ne2 40. Kf2 g5
41. Kf1 Nxc3+ 42. Ke1 Nxa4 43. Ra1 Kb4 0-1

[Event "St Jean CC-ch"]
[Site "St-Jean-sur-Richelieu CAN"]
[Date "2002.03.13"]
[Round "4"]
[White "Audet, Michel"]
[Black "Boucher, Bruno"]
[Result "1-0"]
[WhiteElo "1738"]
[BlackElo "1554"]
[PlyCount "121"]
[EventDate "2002.02.20"]
[EventType "swiss"]
[EventRounds "6"]
[EventCountry "CAN"]

1. e4 c5 2. Nf3 d6 3. c3 Nf6 4. Qc2 Nc6 5. Be2 g6 6. O-O Bg7 7. a3 O-O 8. b4 a6
9. bxc5 dxc5 10. Bb2 Qc7 11. d4 Bg4 12. Nbd2 Rac8 13. d5 Bxf3 14. Nxf3 Ne5 15.
c4 Nxf3+ 16. Bxf3 Nd7 17. Rab1 Ne5 18. Be2 Rb8 19. Bc3 b6 20. Rb3 Rb7 21. Rfb1
Nd7 22. Bd2 Re8 23. Be3 Be5 24. g3 Bg7 25. Qc1 e6 26. Qd2 Qd6 27. Kg2 h5 28. f4
e5 29. Bf3 exf4 30. gxf4 f6 31. h4 Re7 32. a4 a5 33. Kh1 Kh7 34. Qg2 Bh6 35.
Rg1 Rg7 36. Bxh5 gxh5 37. Qc2 Rxg1+ 38. Kxg1 Kh8 39. e5 fxe5 40. Qf5 Nf8 41.
Qxe5+ Qxe5 42. fxe5 Bxe3+ 43. Rxe3 Rg7+ 44. Kf2 Kg8 45. e6 Re7 46. Re5 Nxe6 47.
dxe6 Kg7 48. Kf3 Kf6 49. Rxh5 Rxe6 50. Rh6+ Kf5 51. Rxe6 Kxe6 52. h5 Kf5 53. h6
Kg6 54. Ke4 Kxh6 55. Kd5 Kg6 56. Kc6 Kf6 57. Kxb6 Ke6 58. Kxc5 Kd7 59. Kb6 Kd6
60. c5+ Kd7 61. Kb7 1-0

[Event "St Jean CC-ch"]
[Site "St-Jean-sur-Richelieu CAN"]
[Date "2002.03.13"]
[Round "4"]
[White "Barre, Michel"]
[Black "McAlpin, John-Francis"]
[Result "0-1"]
[WhiteElo "1969"]
[BlackElo "1885"]
[PlyCount "114"]
[EventDate "2002.02.20"]
[EventType "swiss"]
[EventRounds "6"]
[EventCountry "CAN"]

1. d4 Nf6 2. Nf3 e6 3. e3 c5 4. Bd3 d5 5. b3 Nc6 6. Bb2 b6 7. O-O Be7 8. a3 O-O
9. Nbd2 Bb7 10. Ne5 Rc8 11. f4 Qc7 12. Rf3 c4 13. bxc4 dxc4 14. Nexc4 b5 15.
Ne5 Nxe5 16. fxe5 Bxf3 17. Qxf3 Nd5 18. Rf1 Bg5 19. Ne4 Bxe3+ 20. Kh1 Bh6 21.
Bc1 Bxc1 22. Rxc1 b4 23. Qg4 f5 24. exf6 Nxf6 25. Qxe6+ Kh8 26. Nd6 Rcd8 27.
Nb5 Qb7 28. axb4 a6 29. Nd6 Qd5 30. Qxd5 Nxd5 31. Nb7 Rb8 32. Nc5 Nxb4 33. Be4
Rfe8 34. Kg1 Rbd8 35. c3 Nd5 36. Bxd5 Rxd5 37. Nxa6 Re2 38. Nc5 Rf5 39. Rf1
Rxf1+ 40. Kxf1 Rc2 41. Ne4 Kg8 42. h4 Kf7 43. d5 h6 44. g3 Kg6 45. g4 h5 46.
gxh5+ Kf5 47. Ng3+ Ke5 48. Ne2 Kxd5 49. Ke1 Ke4 50. Kd1 Ra2 51. Ng3+ Kf4 52.
Ne2+ Kg4 53. Nd4 Kxh5 54. Nc2 Kxh4 55. Kd2 g5 56. Kd3 Rxc2 57. Kxc2 g4 0-1

[Event "St Jean CC-ch"]
[Site "St-Jean-sur-Richelieu CAN"]
[Date "2002.03.13"]
[Round "4"]
[White "Boileau, Samuel"]
[Black "Bellerose, Robert"]
[Result "1/2-1/2"]
[WhiteElo "1740"]
[BlackElo "1731"]
[PlyCount "102"]
[EventDate "2002.02.20"]
[EventType "swiss"]
[EventRounds "6"]
[EventCountry "CAN"]

1. e4 c5 2. Nf3 d6 3. d4 cxd4 4. Nxd4 g6 5. Nc3 Bg7 6. Be3 a6 7. Qd2 Nc6 8. Bc4
Bd7 9. O-O-O Rc8 10. Be2 Na5 11. h4 h5 12. f3 Nc4 13. Bxc4 Rxc4 14. Rdg1 Nh6
15. Qd3 b5 16. a4 Qa5 17. Nb3 Qd8 18. Bd4 O-O 19. Bxg7 Kxg7 20. Nd4 Qb6 21. Nb3
Be6 22. a5 Qc7 23. Nd5 Bxd5 24. exd5 Rc8 25. Kb1 Rxc2 26. Rc1 Rc4 27. Rxc4 Qxc4
28. Qd4+ Kh7 29. Rc1 Qxd4 30. Nxd4 Rxc1+ 31. Kxc1 Nf5 32. Nxb5 Nxh4 33. g3 Nf5
34. Nc7 Nxg3 35. Nxa6 h4 36. Nb4 h3 37. Nd3 Ne2+ 38. Kd2 Nf4 39. Nf2 Nxd5 40.
Nxh3 Kg7 41. a6 Nc7 42. a7 Kf8 43. b4 Ke8 44. b5 Na8 45. Kc3 Kd7 46. Kb4 Kc7
47. Ng5 Kb6 48. Nxf7 Kxa7 49. f4 Nb6 50. Nd8 Nd5+ 51. Ka5 e5 1/2-1/2

[Event "St Jean CC-ch"]
[Site "St-Jean-sur-Richelieu CAN"]
[Date "2002.03.13"]
[Round "4"]
[White "Mongeau, Diane"]
[Black "Kowalyszyn, Miguel"]
[Result "1-0"]
[WhiteElo "1892"]
[BlackElo "1598"]
[PlyCount "42"]
[EventDate "2002.02.20"]
[EventType "swiss"]
[EventRounds "6"]
[EventCountry "CAN"]

1. d4 d5 2. Nf3 Nf6 3. c4 Bg4 4. Ne5 Bh5 5. Qb3 Nbd7 6. Qxb7 Nxe5 7. dxe5 Ne4
8. Qc6+ Qd7 9. Qxa8+ Qd8 10. Qxd8+ Kxd8 11. f3 Nc5 12. cxd5 e6 13. dxe6 Nxe6
14. Nc3 Bg6 15. Be3 Bb4 16. Bxa7 c6 17. Rd1+ Kc7 18. e4 Ra8 19. Be3 Rxa2 20.
Bc1 f5 21. Bc4 Nc5 1-0

[Event "St Jean CC-ch"]
[Site "St-Jean-sur-Richelieu CAN"]
[Date "2002.03.20"]
[Round "5"]
[White "Boucher, Bruno"]
[Black "Dubois, Real"]
[Result "1-0"]
[WhiteElo "1554"]
[BlackElo "1176"]
[PlyCount "99"]
[EventDate "2002.02.20"]
[EventType "swiss"]
[EventRounds "6"]
[EventCountry "CAN"]

1. Nf3 d5 2. d4 e6 3. c4 dxc4 4. e3 b5 5. a4 c6 6. axb5 cxb5 7. b3 cxb3 8.
Bxb5+ Bd7 9. Qxb3 Qb6 10. Nc3 Nf6 11. O-O Be7 12. Ba3 Bxa3 13. Rxa3 O-O 14. Rb1
Bxb5 15. Qxb5 Qxb5 16. Nxb5 a6 17. Rc1 Nbd7 18. Nd6 Nd5 19. g3 N5b6 20. Rca1
Nb8 21. Ne5 f6 22. Nd3 Rd8 23. Ne4 Nc4 24. Ra4 Nd6 25. Nec5 Kf7 26. Nxa6 Nxa6
27. Rxa6 Rxa6 28. Rxa6 Nb5 29. Nc5 Re8 30. Rb6 Nc7 31. Kg2 Re7 32. h4 Nd5 33.
Ra6 Nc7 34. Rc6 h6 35. Ne4 Ne8 36. g4 Kg6 37. h5+ Kf7 38. Kg3 Nc7 39. Nd6+ Kf8
40. Kf3 Rd7 41. Nc4 Ke7 42. Nb6 Rd8 43. Rxc7+ Kf8 44. Ke4 Rd6 45. Nc4 f5+ 46.
gxf5 exf5+ 47. Ke5 Rf6 48. Kf4 Rf7 49. Rxf7+ Kxf7 50. Ke5 1-0